000 00723nam a22002537a 4500
003 CHAP
005 20220329135024.0
008 971013s1981 r 00010 d
010 _a29704
011 _a30676
035 _a34788
040 _cCHAP
082 _a635.9
_bC66
100 0 0 _aCoombs, Roy E.
_927734
245 _aViolets
_b: the history and cultivation of scented violets
260 _aLondon :
_bCroom Helm,
_c1981
300 _a142 p.
_b: ilus.
590 _aBATCH-UPD
_b10
_c20130110
_lUCH01
_h1818
590 _aCONVERSION
_b10
_c20130109
_lUCH01
_h1317
650 1 4 _aVioletas.
_9119893
901 _aBK
942 _cLIBRO
949 _a635.9 C66
_bBC
_cLIBRO
_d33724000249496
_eLIBRO
_h58906
_i34788
_si
_t572.00
999 _c29704
_d29704